| 000 | 00419nam a2200109Ia 4500 | ||
|---|---|---|---|
| 008 | 160909s9999 xx 000 0 und d | ||
| 100 | _aCook, Anthony | ||
| 245 | _aPerceptions of marriage and family therapists regarding the alleviation of graduate school stress | ||
| 260 |
_bAlliant International University _c2016 |
||
| 650 | _aFINANCIAL MANAGEMENT | ||
| 856 | _uhttp://pqdtopen.proquest.com/doc/1789111679.html?FMT=ABS | ||
| 999 |
_c304535 _d304535 |
||